Sutcliffes Manual Of Belt Conveying (Record no. 71226)

000 -LEADER
fixed length control field 00438nam a22001817a 4500
003 - CONTROL NUMBER IDENTIFIER
control field NUST - PNEC
005 - DATE AND TIME OF LATEST TRANSACTION
control field 20170116181156.0
008 - FIXED-LENGTH DATA ELEMENTS--GENERAL INFORMATION
fixed length control field 160112b xxu||||| |||| 00| 0 eng d
020 ## - INTERNATIONAL STANDARD BOOK NUMBER
International Standard Book Number -
040 ## - CATALOGING SOURCE
Transcribing agency LIBRARY
082 ## - DEWEY DECIMAL CLASSIFICATION NUMBER
Classification number 621.8675 STR
100 ## - MAIN ENTRY--PERSONAL NAME
9 (RLIN) 15961
Personal name Streets,Harold
245 ## - TITLE STATEMENT
Title Sutcliffes Manual Of Belt Conveying
Statement of responsibility, etc. Harold,Streets
250 ## - EDITION STATEMENT
Edition statement -
260 ## - PUBLICATION, DISTRIBUTION, ETC.
Date of publication, distribution, etc. c 1956
650 ## - SUBJECT ADDED ENTRY--TOPICAL TERM
9 (RLIN) 15963
Topical term or geographic name entry element -
General subdivision General
942 ## - ADDED ENTRY ELEMENTS (KOHA)
Source of classification or shelving scheme
Koha item type Book
Holdings
Withdrawn status Lost status Source of classification or shelving scheme Damaged status Not for loan Permanent Location Current Location Shelving location Date acquired Total Checkouts Full call number Barcode Date last seen Price effective from Koha item type
          Pakistan Navy Engineering College (PNEC) Pakistan Navy Engineering College (PNEC)   01/12/2016   621.8675 STR PNECLIB-003581 01/12/2016   Book
© 2023 Central Library, National University of Sciences and Technology. All Rights Reserved.